000 00511nam a22001697a 4500
999 _c9053
_d9053
008 210322b ||||| |||| 00| 0 eng d
040 _aBMS College of Architecture
100 _aJhunjhunwala, Megha
245 _aDomestic airport Chakulia
300 _a58p.
500 _a1BM07AT024
502 _8B.Arch
_NBMS College of Architecture, Visvesvaraya Technological University
_aProject report
_d2012
650 _aAirport
700 _aShobha M N
_eGuide
700 _aK R Madhu Chand
_eGuide
942 _2ddc
_cTHE